PRÍSPEVOK KU KLINICKÉMU HODNOTENIU TOKOGRAFIE

Bibliographic Details
Main Authors: Richter, E. (Author), Handzo, Ivan, 1934-2012 (Author), Pakan, J. (Author), Vierik, J. (Author), Gubza, Š. (Author)
Format: Article
Language:Slovak

MARC

LEADER 00000nab a2200000ua 4500
001 vtls010792497
003 SK-MaSNL
005 20260303123813.0
008 230214s1973 xo |||||||||||||||||slo|
035 |a (urnnbn)urn:nbn:sk:snk:ar-a03lk4 
035 |a (uuid)62013131-4a79-48fd-b680-a60c804bb5b1 
035 |a urn:nbn:sk:snk-ab5cwb 
040 |a SNKBUCL  |b slo  |c SNKBUCL  |e AACR2 
041 0 |a slo 
044 |a xo  |c SK 
100 1 |a Richter, E.  |4 aut  |9 941744 
245 1 0 |a PRÍSPEVOK KU KLINICKÉMU HODNOTENIU TOKOGRAFIE  |c E. Richter, I. Handzo, J. Pakan, J. Vierik, Š. Gubza 
700 1 |a Handzo, Ivan,  |d 1934-2012  |4 aut  |9 224511 
700 1 |a Pakan, J.  |4 aut  |9 1139313 
700 1 |a Vierik, J.  |4 aut  |9 1139603 
700 1 |a Gubza, Š.  |4 aut  |9 828927 
773 0 |t Bratislavské lekárske listy  |g Roč. 59, č. 6 (1973), s. 697-702 
954 |a odborná, vedecká literatúra pôvodná (slovenská)  |2 lita 
958 |a OND 
958 |a EUIPO 
958 |a article3 
999 |c 1928043  |d 1929973